LIBRARY & INFORMATION CENTRE, KCAET, TAVANUR

ONLINE PUBLIC ACCESS CATALOGUE (OPAC)

Development of ground water flow modelling for Nileshwar basin using visual modflow (Record no. 15173)

MARC details
000 -LEADER
fixed length control field 00790nam a22002177a 4500
003 - CONTROL NUMBER IDENTIFIER
control field OSt
088 ## - REPORT NUMBER
Report number P 298
100 ## - MAIN ENTRY--AUTHOR NAME
Personal name DEVI KRISHNA J. S
245 ## - TITLE STATEMENT
Title Development of ground water flow modelling for Nileshwar basin using visual modflow
260 ## - PUBLICATION, DISTRIBUTION, ETC. (IMPRINT)
Place of publication Tavanur 2015
Name of publisher Department of Irrigation and Drainage Engineering
300 ## - PHYSICAL DESCRIPTION
Number of Pages 49
500 ## - GENERAL NOTE
General note Ground water flow modelling for Nileshwar basin using visual modflow
520 ## - SUMMARY, ETC.
Summary, etc Ground water flow modelling for Nileshwar basin using visual modflow
700 ## - ADDED ENTRY--PERSONAL NAME
Personal name Muhammed Ashik P
700 ## - ADDED ENTRY--PERSONAL NAME
Personal name Namitha M. R
700 ## - ADDED ENTRY--PERSONAL NAME
Personal name Sreelekshmi H
700 ## - ADDED ENTRY--PERSONAL NAME
Personal name Dr. Sasikala D (Guide)
856 ## - ELECTRONIC LOCATION AND ACCESS
Uniform Resource Identifier https://drive.google.com/open?id=1D8E5Vp1Iq3xOryW9MzmVFNcN4LWbrgEi
942 ## - ADDED ENTRY ELEMENTS (KOHA)
Koha item type Project Report
Holdings
Collection code Home library Current library Shelving location Full call number Accession Number Koha item type
Reference KAUAET KAUAET Reference 631.587 DEV/GR P 298 Project Report
free website counter